[Event "turkeys on parade :  1200 to 1400"]
[Site "SchemingMind.com"]
[Date "2007.10.27"]
[Round "-"]
[White "shakazulu"]
[Black "Fred Fanelli"]
[Result "0-1"]
[WhiteCountry "ESP"]
[BlackCountry "USA"]
[WhiteElo "1303"]
[WhiteRD "83"]
[BlackElo "1666"]
[BlackRD "70"]
[GameID "126461"]

1. Nf3 d5 2. d4 e6 3. Nc3 Nc6 4. e4 dxe4 5. Nxe4 Be7 6. c4 Nf6 7. Nc3 O-O 8. Bd3 Nb4 9. Bb1 c5 10. a3 Nc6
11. h4 cxd4 12. Nb5 e5 13. h5 Bg4 14. h6 g6 15. b4 a6 16. Qa4 axb5 17. Qxb5 Qc7 18. c5 Bxf3 19. gxf3 Na7 20. Qd3 Nc6
21. Bd2 Rfe8 22. Ba2 Nd5 23. Bxd5 Bf8 24. O-O-O Nd8 25. Rde1 Ne6 26. f4 Nxf4 27. Bxf4 exf4 28. Reg1 Re7 29. Qxd4 Qe5 30. Qc4 Qf5
31. f3 Rxa3 32. Be4 Qf6 33. Kc2 Qe6 34. Bd5 Qf5+ 35. Kb2 Rae3 36. Rh2 Qd3 37. Qb3 Re2+ 38. Ka3 Qxb3+ 39. Kxb3 Rxh2 40. Rg4 Bxh6
41. Kc4 Kf8 42. Kb5 Rb2 43. Rh4 Kg7 44. Ka5 Rd7 45. Be4 f5 46. c6 bxc6 47. Bxc6 Rd8 48. b5 Rb8 49. Rh1 Bg5 50. Rd1 Bd8+
51. Ka4 h5 52. Rd7+ Kh6 53. Ka3 R2xb5 54. Bxb5 Rxb5 55. Rxd8 Rb7 56. Rd1 h4 57. Rd4 g5 58. Rd6+ Kh5 59. Rd8 Rb6 60. Rf8 h3
61. Rh8+ Rh6 62. Rxh6+ Kxh6 63. Kb4 h2 64. Kc4 h1=Q 65. Kd4 Qe1 66. Kd3 Kg6 67. Kd4 Kf6 68. Kd3 g4 69. fxg4 fxg4 70. Kd4 g3
71. Kd3 g2 72. Kd4 g1=Q+
0-1

[Event "turkeys on parade :  1200 to 1400"]
[Site "SchemingMind.com"]
[Date "2007.10.28"]
[Round "-"]
[White "lame wolf"]
[Black "shakazulu"]
[Result "0-1"]
[WhiteCountry "INT"]
[BlackCountry "ESP"]
[WhiteElo "1168"]
[WhiteRD "52"]
[BlackElo "1307"]
[BlackRD "81"]
[GameID "126462"]

1. g4 e5 2. h3 Nc6 3. Bg2 d5 4. e4 d4 5. d3 h6 6. f4 g6 7. f5 gxf5 8. gxf5 h5 9. Nf3 Bh6 10. Bxh6 Nxh6
11. Ng1 Bxf5 12. Qxh5 Bg6 13. Qe2 Qh4+ 14. Kd2 f5 15. Nf3 Qg3 16. Na3 fxe4 17. dxe4 Bh5 18. Raf1 Nb4 19. c3 dxc3+ 20. bxc3 O-O-O+
21. Ke3 Qf4+ 22. Kf2 Rd2
0-1

[Event "turkeys on parade :  1200 to 1400"]
[Site "SchemingMind.com"]
[Date "2007.10.28"]
[Round "-"]
[White "Max Webster"]
[Black "shakazulu"]
[Result "1-0"]
[WhiteCountry "CAN"]
[BlackCountry "ESP"]
[WhiteElo "1355"]
[WhiteRD "82"]
[BlackElo "1307"]
[BlackRD "81"]
[GameID "126463"]

1. e4 d5 2. e5 e6 3. d4 c5 4. Bb5+ Bd7 5. Bxd7+ Nxd7 6. Nf3 f6 7. dxc5 Bxc5 8. O-O g5 9. exf6 Qxf6 10. Nxg5 O-O-O
11. Qh5 Qf5 12. Be3 Ndf6 13. Qf3 Qxc2 14. Bxc5 Qxc5 15. Nxe6 Qb6 16. Nxd8 Qxd8 17. Na3 h5 18. Nb5 Nh6 19. Rac1+ Kb8 20. Qf4+ Ka8
21. Nc7+ Kb8 22. Ne6+ Ka8 23. Nxd8 a6 24. Qxf6 Rxd8 25. Qxd8+ Ka7 26. Rfe1 d4 27. Rc8 d3 28. Ra8#
1-0

[Event "turkeys on parade :  1200 to 1400"]
[Site "SchemingMind.com"]
[Date "2007.10.30"]
[Round "-"]
[White "Manfred Kraut"]
[Black "shakazulu"]
[Result "1-0"]
[WhiteCountry "GER"]
[BlackCountry "ESP"]
[WhiteElo "1246"]
[WhiteRD "67"]
[BlackElo "1307"]
[BlackRD "81"]
[GameID "126464"]

1. e4 Nc6 2. d4 d6 3. d5 Ne5 4. Nc3 f5 5. Nf3 Nf6 6. Bf4 e6 7. exf5 exf5 8. Nxe5 dxe5 9. Bxe5 Bb4 10. Bd3 Bxc3+
11. Bxc3 O-O 12. Qf3 Qxd5 13. Qxd5+ Be6 14. Qxe6+ Kh8 15. Qe7 Nh5 16. g4 Rfe8 17. Qxe8+ Rxe8+ 18. Kd2 f4 19. gxh5 a6 20. a4 c6
21. Rae1 Rd8 22. Re7 Kg8 23. Rg1 h6 24. Rexg7+ Kf8 25. Rg8+ Ke7 26. Bf6+ Kxf6 27. Rxd8 Ke5 28. Re1+ Kf6 29. Rf8+ Kg5 30. Rg1+ Kxh5
31. Bg6+ Kh4 32. Rh8 h5 33. Rxh5#
1-0

[Event "turkeys on parade :  1200 to 1400"]
[Site "SchemingMind.com"]
[Date "2007.10.30"]
[Round "-"]
[White "jhobeck"]
[Black "shakazulu"]
[Result "0-1"]
[WhiteCountry "USA"]
[BlackCountry "ESP"]
[WhiteElo "1303"]
[WhiteRD "74"]
[BlackElo "1336"]
[BlackRD "81"]
[GameID "126465"]

1. e4 Nc6 2. d4 e5 3. d5 Nce7 4. Nc3 d6 5. Nf3 Bg4 6. Bb5+ c6 7. Bd3 Nf6 8. Bg5 Ng6 9. h3 Bxf3 10. gxf3 h6
11. Bc4 hxg5 12. Qe2 Qb6 13. O-O-O c5 14. Bb5+ Nd7 15. Na4 Qa5 16. Rhg1 a6 17. Bc4 Qxa4 18. b3 Qxa2 19. Kd2 Rxh3 20. Ra1 Qb2
21. Rgb1 Qd4+ 22. Bd3 Nf4 23. Ra4 Nxe2
0-1

[Event "turkeys on parade :  1200 to 1400"]
[Site "SchemingMind.com"]
[Date "2007.10.30"]
[Round "-"]
[White "St.Alfonzo"]
[Black "shakazulu"]
[Result "0-1"]
[WhiteCountry "CAN"]
[BlackCountry "ESP"]
[WhiteElo "1187"]
[WhiteRD "72"]
[BlackElo "1307"]
[BlackRD "81"]
[GameID "126466"]

1. e4 Nc6 2. d4 e5 3. d5 Nce7 4. Nf3 d6 5. Nc3 Bg4 6. Be2 f5 7. Bb5+ c6 8. Bd3 Nf6 9. Bg5 fxe4 10. Bxf6 Bxf3
11. gxf3 gxf6 12. Bxe4 cxd5 13. Bxd5 Qa5 14. Bxb7 Rb8 15. Be4 Qxc3+ 16. bxc3 Bh6 17. O-O f5 18. Bd3 Bf4 19. Rb1 Rc8 20. c4 h5
21. Rb7 Ng6 22. Qb1 Ne7 23. Rb8 Rg8+ 24. Kh1 Kf7 25. Bxf5 Rxb8
0-1

[Event "turkeys on parade :  1200 to 1400"]
[Site "SchemingMind.com"]
[Date "2007.10.30"]
[Round "-"]
[White "caffeine"]
[Black "shakazulu"]
[Result "1-0"]
[WhiteCountry "CZE"]
[BlackCountry "ESP"]
[WhiteElo "1462"]
[WhiteRD "79"]
[BlackElo "1320"]
[BlackRD "81"]
[GameID "126467"]

1. e4 Nc6 2. Nc3 e5 3. Nf3 d6 4. Bb5 Nf6 5. O-O Bg4 6. Nd5 a6 7. Ba4 b5 8. Bb3 Nxe4 9. Qe1 f5 10. d3 Nc5
11. Ng5 f4 12. Ne4 Nxe4 13. Qxe4 Nd4 14. Nxc7+ Qxc7 15. Qxa8+ Qc8 16. Qd5 h5 17. Bd2 f3 18. Qf7+ Kd8 19. Ba5+ Qc7 20. Qxc7+ Ke8
21. Qf7#
1-0

[Event "turkeys on parade :  1200 to 1400"]
[Site "SchemingMind.com"]
[Date "2007.11.01"]
[Round "-"]
[White "Qetyria"]
[Black "shakazulu"]
[Result "0-1"]
[WhiteCountry "USA"]
[BlackCountry "ESP"]
[WhiteElo "1212"]
[WhiteRD "80"]
[BlackElo "1320"]
[BlackRD "81"]
[GameID "126468"]

1. e3 Nc6 2. Qf3 d5 3. d4 Nf6 4. c4 Bg4 5. Qg3 e6 6. f3 Bd6 7. f4 b6 8. cxd5 exd5 9. Bb5 Qd7 10. Nc3 a6
11. h3 axb5 12. hxg4 O-O-O 13. Nxb5 Ne4 14. Qh4 Na5 15. Na7+ Kb7 16. Nf3 Kxa7 17. O-O h6
0-1

[Event "turkeys on parade :  1200 to 1400"]
[Site "SchemingMind.com"]
[Date "2007.10.28"]
[Round "-"]
[White "Fred Fanelli"]
[Black "shakazulu"]
[Result "1-0"]
[WhiteCountry "USA"]
[BlackCountry "ESP"]
[WhiteElo "1589"]
[WhiteRD "75"]
[BlackElo "1320"]
[BlackRD "81"]
[GameID "126469"]

1. e4 d5 2. exd5 Qxd5 3. Nc3 Qd8 4. d4 e6 5. Bc4 Nc6 6. Nge2 Nf6 7. O-O Bd6 8. Bg5 h6 9. Bxf6 gxf6 10. d5 Ne5
11. Bb3 b6 12. Ng3 exd5 13. Bxd5 c6 14. Bb3 f5 15. f4 Ng4 16. Qd4 f6 17. Qc4 Qd7 18. Rae1+ Kd8 19. h3 b5 20. Nxb5 cxb5
21. Qd4 h5 22. hxg4 Kc7 23. gxh5 Kc6 24. Bd5+ Kc7 25. Bxa8 Bc5 26. Qxc5+ Kb8 27. Re7 Qxe7 28. Qxe7 Kxa8 29. Rd1 a5 30. Rd8 Rxd8
31. Qxd8 Kb8 32. h6 a4 33. h7 b4 34. Qxc8+ Kxc8 35. h8=Q+ Kd7 36. Qxf6 Kc7 37. Kf2 b3 38. cxb3 a3 39. bxa3 Kd7 40. Ke3
1-0

[Event "turkeys on parade :  1200 to 1400"]
[Site "SchemingMind.com"]
[Date "2007.10.29"]
[Round "-"]
[White "erlepettus"]
[Black "lame wolf"]
[Result "1-0"]
[WhiteCountry "USA"]
[BlackCountry "INT"]
[WhiteElo "1435"]
[WhiteRD "81"]
[BlackElo "1168"]
[BlackRD "52"]
[GameID "126791"]

1. e4 d5 2. exd5 Qxd5 3. Nc3 Qd8 4. g3 c6 5. Bg2 e6 6. Nf3 b5 7. O-O Bb7 8. d4 Bd6 9. Ne4 c5 10. dxc5 Be7
11. Qxd8+ Bxd8 12. Nd6+ Kf8 13. Nxb7 Nd7 14. c6
1-0

[Event "turkeys on parade :  1200 to 1400"]
[Site "SchemingMind.com"]
[Date "2007.10.30"]
[Round "-"]
[White "erlepettus"]
[Black "Max Webster"]
[Result "1-0"]
[WhiteCountry "USA"]
[BlackCountry "CAN"]
[WhiteElo "1435"]
[WhiteRD "81"]
[BlackElo "1355"]
[BlackRD "82"]
[GameID "126792"]

1. c4 e5 2. g3 Nf6 3. Nc3 Bc5 4. Bg2 O-O 5. e3 d6 6. d4 exd4 7. exd4 Re8+ 8. Nge2 Bb4 9. O-O Bxc3 10. Nxc3 Be6
11. d5 Bd7 12. h3 c6 13. Bg5 h6 14. Bf4 cxd5 15. cxd5 Na6 16. Bxd6 Bxh3 17. Bxh3 Qxd6 18. Bg2 Nc7 19. Rc1 a6 20. Re1 Rxe1+
21. Qxe1 Re8 22. Qd2 b5 23. a3 Nfxd5 24. Nxd5 Rd8 25. Rd1 Qe6 26. Nf6+ gxf6 27. Qxd8+ Kg7 28. Qxc7 Qb3 29. Bd5 Qxb2 30. Qxf7+ Kh8
31. Qg8#
1-0

[Event "turkeys on parade :  1200 to 1400"]
[Site "SchemingMind.com"]
[Date "2007.10.29"]
[Round "-"]
[White "erlepettus"]
[Black "Manfred Kraut"]
[Result "1-0"]
[WhiteCountry "USA"]
[BlackCountry "GER"]
[WhiteElo "1435"]
[WhiteRD "81"]
[BlackElo "1246"]
[BlackRD "67"]
[GameID "126793"]

1. g3 e5 2. Bg2 d5 3. Nf3 e4 4. Nd4 Nf6 5. O-O Bd6 6. f4 Bf5 7. Nxf5 O-O 8. Nxd6 Qxd6 9. d4 c5 10. c3 Nc6
11. Be3 Ng4 12. dxc5 Qh6 13. h3 Nxe3 14. Qd2 Nxf1 15. Kxf1 Rfe8 16. Qxd5 Rad8 17. Qb3 e3 18. Kg1 Rd7 19. c4 Red8 20. Kh2 Rd1
21. Qxe3 Re1 22. Be4 Rdd1 23. Qb3 Rxe2+ 24. Bg2 Rh1+ 25. Kxh1 Nd4 26. Qxb7 Re1+ 27. Kh2 g6 28. a4 Re2 29. Nc3 Qf8 30. Nxe2 Nxe2
31. c6
1-0

[Event "turkeys on parade :  1200 to 1400"]
[Site "SchemingMind.com"]
[Date "2007.10.29"]
[Round "-"]
[White "erlepettus"]
[Black "jhobeck"]
[Result "1-0"]
[WhiteCountry "USA"]
[BlackCountry "USA"]
[WhiteElo "1466"]
[WhiteRD "81"]
[BlackElo "1303"]
[BlackRD "74"]
[GameID "126794"]

1. d4 d5 2. c4 e6 3. cxd5 exd5 4. Nc3 Be7 5. g3 Nf6 6. Bg2 O-O 7. Nf3 c5 8. O-O Nc6 9. Re1 Bg4 10. h3 Bf5
11. Be3 Ne4 12. Nh4 Qd6 13. Nxf5 Qf6 14. Nxe7+ Qxe7 15. dxc5 Rad8 16. Nxd5 Qe5 17. Qa4 Rxd5 18. Bxe4 Rd7 19. Bxc6 bxc6 20. Qxc6 Re7
21. b4 Rfe8 22. a4 Qc3 23. Bf4 Qxb4 24. Rab1 Qc4 25. e3 Re6 26. Qb5 Re4 27. Qxc4 Rxc4 28. Bd6 Rxa4 29. c6 h6 30. Rec1 Rae4
31. c7 Rc8 32. Rb8 Ree8 33. Rcb1 a5 34. Rxc8 Rxc8 35. Rb8
1-0

[Event "turkeys on parade :  1200 to 1400"]
[Site "SchemingMind.com"]
[Date "2007.10.29"]
[Round "-"]
[White "erlepettus"]
[Black "St.Alfonzo"]
[Result "1-0"]
[WhiteCountry "USA"]
[BlackCountry "CAN"]
[WhiteElo "1435"]
[WhiteRD "81"]
[BlackElo "1187"]
[BlackRD "72"]
[GameID "126795"]

1. d4 d5 2. g3 Nf6 3. Bg2 Nc6 4. c4 dxc4 5. d5 Nb4 6. Nc3 Bf5 7. e4 Bg4 8. f3 Bd7 9. Bf1 b5 10. a3 Na6
11. Nge2 Nc5 12. Nd4 g6 13. Ncxb5 Bxb5 14. Nxb5 Nb3 15. Rb1 a6 16. Bxc4 Na5 17. Bd3 c6 18. Nc3 cxd5 19. Nxd5 Nxd5 20. exd5 Qxd5
21. b4 Nc4 22. O-O Qe6 23. Re1 Qc8 24. Qe2 Nd6 25. Bb2 f6 26. Bxf6
1-0

[Event "turkeys on parade :  1200 to 1400"]
[Site "SchemingMind.com"]
[Date "2007.10.29"]
[Round "-"]
[White "erlepettus"]
[Black "caffeine"]
[Result "0-1"]
[WhiteCountry "USA"]
[BlackCountry "CZE"]
[WhiteElo "1443"]
[WhiteRD "78"]
[BlackElo "1462"]
[BlackRD "79"]
[GameID "126796"]

1. b4 e6 2. Bb2 Bxb4 3. a3 Ba5 4. e4 Nf6 5. e5 Ne4 6. Qe2 Nc5 7. Bc3 b6 8. Bxa5 bxa5 9. Nf3 O-O 10. d4 Na4
11. Qb5 Nb6 12. Qxa5 Nc6 13. Qd2 Nd5 14. Bb5 Rb8 15. Bxc6 dxc6 16. O-O Ba6 17. Re1 c5 18. Qa5 Rb6 19. dxc5 Rc6 20. Nd4 Bb7
21. Nxc6 Bxc6 22. Qxa7 Nf4 23. g3 Qd5 24. Re4 Qxe4 25. Kf1 Qe2+ 26. Kg1 Qe1#
0-1

[Event "turkeys on parade :  1200 to 1400"]
[Site "SchemingMind.com"]
[Date "2007.10.30"]
[Round "-"]
[White "erlepettus"]
[Black "shakazulu"]
[Result "1-0"]
[WhiteCountry "USA"]
[BlackCountry "ESP"]
[WhiteElo "1435"]
[WhiteRD "81"]
[BlackElo "1307"]
[BlackRD "81"]
[GameID "126797"]

1. c4 Nc6 2. Nc3 e5 3. g3 Nf6 4. Bg2 Bc5 5. Bxc6 dxc6 6. e3 O-O 7. d4 Bb6 8. Nf3 exd4 9. exd4 Bg4 10. c5 Ba5
11. O-O Re8 12. a3 Bxc3 13. bxc3 Qd5 14. Ne5 Bxd1 15. Rxd1 Ng4 16. Nxg4 Re2 17. Be3 Re8 18. Rac1 b5 19. Ne5 f6 20. Nd3 a5
21. Nf4 Qf3 22. Nxe2 Qxe2 23. Re1 Qa2 24. Ra1 Qb3 25. Rec1 f5 26. Kf1 h6 27. Ke2 Qf7 28. a4 g5 29. Kf1 g4 30. Bxh6 Qh5
31. Bf4 Qxh2 32. Be5 Kf7 33. Rcb1 Re6 34. Ke2 Rh6 35. axb5 Rh3 36. bxc6 Rxg3 37. Bxg3
1-0

[Event "turkeys on parade :  1200 to 1400"]
[Site "SchemingMind.com"]
[Date "2007.10.31"]
[Round "-"]
[White "erlepettus"]
[Black "Qetyria"]
[Result "1-0"]
[WhiteCountry "USA"]
[BlackCountry "USA"]
[WhiteElo "1443"]
[WhiteRD "78"]
[BlackElo "1212"]
[BlackRD "80"]
[GameID "126798"]

1. e4 Nf6 2. e5 Ne4 3. d3 Ng5 4. f4 Ne6 5. d4 d5 6. f5 Nf4 7. Bxf4 e6 8. fxe6 fxe6 9. c4 dxc4 10. Bxc4 Bb4+
11. Nc3 g5 12. Bg3 Rf8 13. Qh5+ Kd7 14. Qxh7+ Be7 15. Nf3 Rh8 16. Qf7 Qf8 17. Qxe6+ Kd8 18. Qd5+ Bd7 19. Qxb7 Bc6 20. Qb3 g4
21. d5
1-0

[Event "turkeys on parade :  1200 to 1400"]
[Site "SchemingMind.com"]
[Date "2007.10.29"]
[Round "-"]
[White "erlepettus"]
[Black "Fred Fanelli"]
[Result "0-1"]
[WhiteCountry "USA"]
[BlackCountry "USA"]
[WhiteElo "1435"]
[WhiteRD "81"]
[BlackElo "1580"]
[BlackRD "72"]
[GameID "126799"]

1. b3 e5 2. Bb2 Nc6 3. e4 Bc5 4. Nf3 d6 5. Bc4 Nf6 6. Nc3 O-O 7. O-O Bg4 8. Nd5 Ne7 9. Nxf6+ gxf6 10. h3 Be6
11. Bxe6 fxe6 12. Nh4 Ng6 13. Nxg6 hxg6 14. Qg4 g5 15. Qxe6+ Kg7 16. Kh2 Re8 17. Qg4 d5 18. f3 dxe4 19. fxe4 Qe7 20. c3 Rad8
21. Rad1 Ba3 22. Ba1 Qe6 23. Rb1 Qxg4 24. hxg4 Rxd2 25. Kg3 Red8 26. c4 R8d3+ 27. Kh2 Rxa2 28. Kh1 Rdd2 29. Rg1 Bc5 30. Rgd1 Rxg2
31. Rd7+ Kg6 32. Rxc7 Rh2#
0-1

[Event "turkeys on parade :  1200 to 1400"]
[Site "SchemingMind.com"]
[Date "2007.10.29"]
[Round "-"]
[White "lame wolf"]
[Black "erlepettus"]
[Result "0-1"]
[WhiteCountry "INT"]
[BlackCountry "USA"]
[WhiteElo "1168"]
[WhiteRD "52"]
[BlackElo "1435"]
[BlackRD "81"]
[GameID "126800"]

1. Nf3 Nc6 2. c4 g6 3. Nc3 Bg7 4. Ne4 Ne5 5. d4 Nxc4 6. e3 d5 7. Nc3 Nf6 8. Bxc4 dxc4 9. O-O O-O 10. Nd2 Be6
11. Nf3 Rc8 12. Re1 Qd7 13. Ne5 Qd8 14. f3 Nd5 15. Nxc4 Nxc3 16. bxc3 Bxc4 17. a3 c5 18. Bb2 cxd4 19. exd4 Re8 20. Qa4 a6
21. g4 e5 22. dxe5 Rxe5 23. Rxe5 Bxe5 24. Qd1 Be6 25. Qxd8+ Rxd8 26. Rb1 Rd3 27. c4 Bxb2 28. Rxb2 Rxf3 29. Rxb7 Rxa3 30. c5 Rc3
31. h4 Rxc5 32. h5 a5 33. h6 a4 34. Ra7 Bb3 35. Kf2 Rc4 36. Ke3 Rxg4
0-1

[Event "turkeys on parade :  1200 to 1400"]
[Site "SchemingMind.com"]
[Date "2007.10.30"]
[Round "-"]
[White "Max Webster"]
[Black "erlepettus"]
[Result "0-1"]
[WhiteCountry "CAN"]
[BlackCountry "USA"]
[WhiteElo "1355"]
[WhiteRD "82"]
[BlackElo "1435"]
[BlackRD "81"]
[GameID "126801"]

1. e4 c5 2. Nf3 e6 3. Nc3 a6 4. Be2 Nc6 5. O-O Qc7 6. Bc4 b5 7. Be2 Nf6 8. d3 d5 9. exd5 Nxd5 10. Nxd5 exd5
11. Re1 Bd6 12. g3 O-O 13. b3 Be5 14. Nxe5 Qxe5 15. Bf4 Qf6 16. Bf3 Be6 17. Bd6 Rfd8 18. Bxc5 Rac8 19. a3 Ne5 20. Bd4 Nxf3+
21. Kg2 Nxd4 22. a4 Rxc2 23. Rf1 Rdc8 24. Re1 Qxf2+
0-1

[Event "turkeys on parade :  1200 to 1400"]
[Site "SchemingMind.com"]
[Date "2007.10.29"]
[Round "-"]
[White "Manfred Kraut"]
[Black "erlepettus"]
[Result "0-1"]
[WhiteCountry "GER"]
[BlackCountry "USA"]
[WhiteElo "1246"]
[WhiteRD "67"]
[BlackElo "1435"]
[BlackRD "81"]
[GameID "126802"]

1. e4 d6 2. d4 c5 3. d5 g6 4. Nc3 Bg7 5. Bc4 Nd7 6. Bb5 a6 7. Bd3 Ngf6 8. Nf3 O-O 9. Be3 e5 10. O-O b5
11. a4 c4 12. Be2 Rb8 13. axb5 axb5 14. Ra5 Qxa5 15. Qd2 Nc5 16. Bxc5 dxc5 17. Nxe5 Nxe4 18. Qf4 Bxe5 19. Qxe5 Nxc3 20. bxc3 Bf5
21. h3 Bxc2 22. g4 b4 23. Bxc4 b3 24. f4 b2
0-1

[Event "turkeys on parade :  1200 to 1400"]
[Site "SchemingMind.com"]
[Date "2007.10.29"]
[Round "-"]
[White "jhobeck"]
[Black "erlepettus"]
[Result "0-1"]
[WhiteCountry "USA"]
[BlackCountry "USA"]
[WhiteElo "1326"]
[WhiteRD "75"]
[BlackElo "1443"]
[BlackRD "78"]
[GameID "126803"]

1. e4 c6 2. d4 d5 3. Nc3 g6 4. Nf3 Bg7 5. e5 Bf5 6. Bf4 e6 7. Qe2 Qb6 8. Nh4 Qxd4 9. Rd1 Qxf4 10. g3 Qxe5
11. Qxe5 Bxe5 12. Nf3 Bg7 13. Bg2 Bxc3+ 14. bxc3 Bxc2 15. Rd2 Be4 16. Rd4 Nd7 17. Ke2 Ngf6 18. Rhd1 O-O-O 19. c4 Ng4 20. cxd5 exd5
21. Rb4 Nc5 22. h3 Nxf2 23. Kxf2 Nd3+ 24. Ke3 Nxb4 25. Rd4 Nc2+ 26. Kd2 Nxd4
0-1

[Event "turkeys on parade :  1200 to 1400"]
[Site "SchemingMind.com"]
[Date "2007.10.30"]
[Round "-"]
[White "St.Alfonzo"]
[Black "erlepettus"]
[Result "0-1"]
[WhiteCountry "CAN"]
[BlackCountry "USA"]
[WhiteElo "1187"]
[WhiteRD "72"]
[BlackElo "1435"]
[BlackRD "81"]
[GameID "126804"]

1. e4 c6 2. d4 d5 3. e5 Bf5 4. Bd3 Bxd3 5. Qxd3 e6 6. Nf3 Qb6 7. c4 c5 8. cxd5 exd5 9. Nc3 c4 10. Qf5 Qe6
11. Qxe6+ fxe6 12. O-O Nc6 13. Bg5 h6 14. Bd2 O-O-O 15. Nb5 a6 16. Nd6+ Bxd6 17. exd6 Rxd6 18. Bf4 Rd7 19. Ne5 Nxe5 20. Bxe5 Nf6
21. Bxf6 gxf6 22. b3 b5 23. h4 Rg8 24. Kh2 Rdg7 25. Rg1 Rg4 26. Kh3 Rxd4 27. g4 Kd7 28. Rad1 Rgxg4 29. Rxg4 Rxd1 30. Rg7+ Kd6
31. Ra7 cxb3 32. axb3 d4 33. Rxa6+ Ke5 34. Kg3 Rb1 35. Kg4 d3 36. Ra2 Rxb3 37. Kh5 Rb4 38. f3 Rd4
0-1

[Event "turkeys on parade :  1200 to 1400"]
[Site "SchemingMind.com"]
[Date "2007.10.29"]
[Round "-"]
[White "caffeine"]
[Black "erlepettus"]
[Result "0-1"]
[WhiteCountry "CZE"]
[BlackCountry "USA"]
[WhiteElo "1465"]
[WhiteRD "83"]
[BlackElo "1484"]
[BlackRD "85"]
[GameID "126805"]

1. e4 Nc6 2. Nc3 g6 3. d4 d6 4. Bd3 Nxd4 5. Be3 Bg7 6. Nf3 Nxf3+ 7. Qxf3 Bxc3+ 8. bxc3 Nf6 9. O-O Bg4 10. Qf4 Qd7
11. e5 dxe5 12. Qxe5 O-O 13. Bh6 Rfc8 14. Rae1 Be6 15. Re4 c5 16. Rf4 Qd8 17. Rd1 c4 18. Be2 Qc7 19. Qd4 Rd8 20. Qe3 Rxd1+
21. Bxd1 Nd5 22. Qd4 f6 23. Re4 Bf7 24. Qxc4 Rc8 25. Qxc7 Rxc7 26. Rd4 e5 27. Rd3 Rxc3 28. Rd2 Be6 29. Bf3 Rc5 30. c4 Nc3
31. Rd8+ Kf7 32. h4 e4 33. Be3 Rxc4 34. Bxe4 Nxe4 35. Bh6 Ke7 36. Rh8 Rc1+ 37. Bxc1 h5 38. Rh7+ Bf7 39. Ba3+ Ke6 40. Rh8 Kf5
41. Ra8 a6 42. f3 Nc3 43. Ra7 Bd5 44. Ra8 Bxa2 45. Rf8 a5
0-1

[Event "turkeys on parade :  1200 to 1400"]
[Site "SchemingMind.com"]
[Date "2007.10.30"]
[Round "-"]
[White "shakazulu"]
[Black "erlepettus"]
[Result "1-0"]
[WhiteCountry "ESP"]
[BlackCountry "USA"]
[WhiteElo "1307"]
[WhiteRD "81"]
[BlackElo "1435"]
[BlackRD "81"]
[GameID "126806"]

1. Nf3 Nc6 2. Nc3 e5 3. e4 g6 4. Bc4 h6 5. Nd5 Nd4 6. Nxe5 Qg5 7. Nf3 Nxf3+ 8. Qxf3 Bd6 9. Nxc7+ Kd8 10. Nxa8 Nf6
11. d3 Qe5 12. Bf4 Qxf4 13. Qe2 Nh5 14. g3 Qe5 15. O-O-O Nf6 16. f4 Qe7 17. Qf3 b6 18. e5 Bxe5 19. Rde1 d6 20. fxe5 dxe5
21. Bb5 Bb7 22. Bc6 Bxc6 23. Qxc6 Nh5 24. d4 Qd7 25. d5 f6 26. g4 Ng7 27. Qxf6+ Qe7 28. Qc6 Re8 29. Qa4 Qb7 30. Qc6 Qxc6
31. dxc6 Re6 32. Rd1+ Kc8 33. c7 Re8 34. Rd6 Kb7 35. Rd8 Ne6 36. c8=Q#
1-0

[Event "turkeys on parade :  1200 to 1400"]
[Site "SchemingMind.com"]
[Date "2007.11.01"]
[Round "-"]
[White "Qetyria"]
[Black "erlepettus"]
[Result "0-1"]
[WhiteCountry "USA"]
[BlackCountry "USA"]
[WhiteElo "1212"]
[WhiteRD "80"]
[BlackElo "1443"]
[BlackRD "78"]
[GameID "126807"]

1. g3 e5 2. Nh3 d5 3. d4 e4 4. e3 c5 5. Bb5+ Bd7 6. c4 a6 7. Bxd7+ Qxd7 8. Nf4 dxc4 9. Nd2 Nf6 10. Nxc4 Qb5
11. b3 Be7 12. Ba3 O-O 13. h4 Re8 14. dxc5 Bxc5 15. Bxc5 Qxc5 16. Qd4 Qxd4 17. exd4 Nc6 18. O-O Nxd4 19. Rfd1 Nf3+ 20. Kg2 g6
0-1

[Event "turkeys on parade :  1200 to 1400"]
[Site "SchemingMind.com"]
[Date "2007.10.29"]
[Round "-"]
[White "Fred Fanelli"]
[Black "erlepettus"]
[Result "1-0"]
[WhiteCountry "USA"]
[BlackCountry "USA"]
[WhiteElo "1589"]
[WhiteRD "75"]
[BlackElo "1443"]
[BlackRD "78"]
[GameID "126808"]

1. e4 c5 2. Nf3 e6 3. d4 cxd4 4. Nxd4 Nc6 5. Nc3 d6 6. Bb5 Bd7 7. Be3 a6 8. Ba4 b5 9. Bb3 Nxd4 10. Bxd4 e5
11. Be3 Nf6 12. O-O Bc6 13. f3 Be7 14. Nd5 Nxd5 15. Bxd5 Rc8 16. c3 O-O 17. Rc1 h6 18. Qd2 Kh7 19. Bb3 a5 20. a3 f6
21. Bc2 Kh8 22. Qf2 d5 23. Rfd1 b4 24. exd5 Bxd5 25. Bf5 Rc6 26. Qg3 Bc5 27. Bxc5 Rxc5 28. Qg6 Kg8 29. Qh7+ Kf7 30. Bg6+ Ke6
31. Qxg7 Rc7 32. Qxh6 Rh8 33. Qe3 Rg7 34. Be4 Qa8 35. Qb6+ Bc6 36. Bxc6 Qf8 37. Be4+ Kf7 38. Rd7+ Kg8 39. Rd8 Rf7 40. Rxf8+ Rxf8
41. Qe6+ Kg7 42. cxb4 axb4 43. Qg4+ Kf7 44. Rc7+ Ke8 45. Qc8#
1-0